| 000 | 00342nam a22001337a 4500 | ||
|---|---|---|---|
| 020 | _a9788121928120 | ||
| 040 | _cNUST | ||
| 082 |
_a658.5 _bGUP |
||
| 100 |
_aGupta, A.K _982851 |
||
| 245 | _aEngineering Management | ||
| 260 |
_aNew Delhi: _bS.Chand and Company Limited, _c2018. |
||
| 650 |
_aEngineering Management _967147 |
||
| 942 |
_2ddc _cBK |
||
| 999 |
_c609905 _d609905 |
||